000 00425nam a2200157Ia 4500
008 180910s9999 xx 000 0 und d
100 _aEducational leadership.
245 _aEducational leadership /
245 _cEducational leadership.
260 _bASCD
260 _c2018
300 _a96 pages.
440 _aLearning to write, Writing to learn
_v75 : 7
650 _aEducation -- research.
650 _aEducation.
999 _c358720
_d358720